|
|
|
|
| LEADER |
01733nam a2200421 i 4500 |
| 001 |
EBC6282262 |
| 003 |
MiAaPQ |
| 005 |
20201127103333.0 |
| 006 |
m o d | |
| 007 |
cr cnu|||||||| |
| 008 |
201127s2021 flu o 001 0 eng d |
| 020 |
|
|
|z 9780367228811
|
| 020 |
|
|
|a 9781000090062 (e-book)
|
| 035 |
|
|
|a (MiAaPQ)EBC6282262
|
| 035 |
|
|
|a (Au-PeEL)EBL6282262
|
| 035 |
|
|
|a (OCoLC)1183961695
|
| 040 |
|
|
|a MiAaPQ
|b eng
|e rda
|e pn
|c MiAaPQ
|d MiAaPQ
|
| 050 |
|
4 |
|a QR175
|b .C455 2021
|
| 082 |
0 |
|
|a 616.014
|2 23
|
| 245 |
0 |
0 |
|a Cellular Dialogues in the Holobiont /
|c edited by Thomas C.G. Bosch, Michael G. Hadfield.
|
| 264 |
|
1 |
|a Boca Raton, Florida ;
|a London ;
|a New York :
|b CRC Press,
|c [2021]
|
| 264 |
|
4 |
|c 2021
|
| 300 |
|
|
|a 1 online resource (xiii, 300 pages).
|
| 336 |
|
|
|a text
|b txt
|2 rdacontent
|
| 337 |
|
|
|a computer
|b c
|2 rdamedia
|
| 338 |
|
|
|a online resource
|b cr
|2 rdacarrier
|
| 490 |
1 |
|
|a Evolutionary cell biology
|
| 500 |
|
|
|a Includes index.
|
| 588 |
|
|
|a Description based on print version record.
|
| 590 |
|
|
|a Electronic reproduction. Ann Arbor, MI : ProQuest, 2018. Available via World Wide Web. Access may be limited to ProQuest affiliated libraries.
|
| 650 |
|
0 |
|a Host-bacteria relationships.
|
| 655 |
|
4 |
|a Electronic books.
|
| 700 |
1 |
|
|a Bosch, Thomas C. G.,
|e editor.
|
| 700 |
1 |
|
|a Hadfield, Michael G.
|q (Michael Gale),
|e editor.
|
| 776 |
0 |
8 |
|i Print version:
|t Cellular dialogues in the holobiont.
|d Boca Raton, Florida ; London ; New York : CRC Press, c2021
|h xiii, 300 pages
|k Evolutionary cell biology.
|z 9780367228811
|
| 797 |
2 |
|
|a ProQuest (Firm)
|
| 830 |
|
0 |
|a Evolutionary cell biology.
|
| 856 |
4 |
0 |
|u https://ebookcentral.proquest.com/lib/matrademy/detail.action?docID=6282262
|z Click to View
|